| 000 | 00709nam a22002297a 4500 | ||
|---|---|---|---|
| 003 | UUm | ||
| 005 | 20140310181733.0 | ||
| 008 | 130319t xxu||||| |||| 00| 0 eng d | ||
| 020 | _a9781439041734 | ||
| 050 |
_aLC 3969 _b.B792 2010 |
||
| 082 |
_aTR 371.952 _bB71 2010 |
||
| 100 |
_aBoyle, Joseph _9414 |
||
| 245 |
_aMethods and strategies for teaching students with mild disabilities : _ba case-based approach / _cJoseph Boyle and David Scanlon |
||
| 260 |
_aAustralia : _bWadsworth, _cc2010. |
||
| 300 |
_a549 p. _bill. _c26 cm. |
||
| 521 | _aFaculty | ||
| 541 | _j1 | ||
| 562 | _e1 | ||
| 650 |
_aEducation. _9415 |
||
| 650 |
_aTeaching--Mild Disabilities. _9416 |
||
| 942 |
_2lcc _cBK-TR _kTR |
||
| 999 |
_c2490 _d2490 |
||